Statistics for Suburbs in Gold Coast - Queensland

Click here to take the quiz!

General Stats

  • This quiz has been taken 135 times
  • The average score is 29 of 122

Answer Stats

Answer% Correct
Surfers Paradise
87%
Southport
77%
Broadbeach
72%
Coolangatta
71%
Coomera
69%
Nerang
69%
Helensvale
65%
Miami
65%
Burleigh Heads
63%
Robina
61%
Ormeau
55%
Ashmore
54%
Currumbin
51%
Palm Beach
51%
Labrador
49%
Pimpama
49%
Varsity Lakes
47%
Main Beach
45%
Highland Park
43%
Hope Island
42%
Mermaid Waters
42%
Mermaid Beach
41%
Mudgeeraba
41%
Burleigh Waters
40%
Benowa
39%
Tallebudgera
39%
Upper Coomera
39%
Broadbeach Waters
37%
Bundall
37%
Tugun
37%
Carrara
36%
Arundel
35%
Elanora
35%
Merrimac
35%
Pacific Pines
35%
Kirra
34%
Runaway Bay
34%
Yatala
34%
Molendinar
33%
Anglers Paradise
31%
Biggera Waters
31%
Parkwood
31%
Oxenford
29%
Reedy Creek
29%
Gaven
27%
Paradise Point
27%
Bilinga
25%
Bonogin
25%
Clear Island Waters
25%
Worongary
25%
Advancetown
24%
Jacobs Well
24%
Currumbin Valley
22%
Maudsland
22%
Tallai
22%
Tamborine Mountain
22%
Currumbin Waters
20%
Springbrook
20%
Canungra
19%
Coombabah
19%
Ormeau Hills
19%
Sanctuary Cove
19%
Beechmont
18%
Chevron Island
18%
Tallebudgera Valley
18%
Gilston
17%
South Stradbroke
17%
Willow Vale
17%
Isle of Capri
16%
Kingsholme
14%
Lower Beechmont
14%
Guanaba
13%
Mount Nathan
13%
Alberton
12%
Austinville
12%
Benowa Waters
12%
Boyland
12%
Clagiraba
12%
Norwell
12%
Hollywell
11%
Witheren
11%
Eagle Heights
10%
Florida Gardens
10%
Flying Fox
10%
Natural Bridge
10%
Neranwood
10%
Numinbah Valley
10%
Stapylton
10%
Wongawallan
10%
luscombe
8%
Sarabah
8%
Steiglitz
8%
Woongoolba
8%
Ferny Glen
7%
Gilberton
7%
Illinbah
7%
Sovereign Islands
7%
Wonglepong
7%
Beenliegh
6%
Nobby Beach
6%
Studio Village
6%
Coomera Waters
5%
Paradise Waters
5%
Southern Moreton Bay Islands
5%
Wolffdene
5%
Bethania
4%
Eaglebay
4%
Ephraim island
4%
Santa Barbara
4%
Bahrs Scrub
2%
Belivah
2%
Cronin Island
2%
Edens Landing
2%
Holmview
2%
Southport Park
2%
Lamington National Park
1%
Monterey Keys
1%
Mount Warren park
1%
Paradise Island
1%
Waterford
1%
Windaroo
1%
Benobbli
0%

Score Distribution

Percentile by Number Answered

Percent of People with Each Score

Your Score History

You have not taken this quiz